000 00872nam a22002297a 4500
003 DO-SdBNP
005 20171205083054.0
008 171121b 1978 ag ||||| |||| 00| 0 spa d
040 _aBPMSU
_bspa
_cBPMSU
092 _axxxx
_bxxxx
100 1 _a Miller, George A.
240 1 0 _aPsychology and communication.
_lEspañol
245 1 0 _aNuevas dimensiones en la psicología y la comunicación :
_bel mundo del lenguaje en el siglo XX /
_cGeorge A. Miller (ed.) ; traducción de Ctalina Popper y Floreal Mazía ; Supervisión de José María A. Lebrón.
260 _aBuenos Aires :
_b EDISAR,
_c1978.
300 _a323 p. ;
_c20 cm.
700 1 2 _aPopper, Catalina
_etr.
700 1 2 _aMazía, Floreal
_etr.
700 1 2 _a Lebrón, José María A.
942 _2ddc
_cBK
945 _ainventariado extranjero / DG
956 _aLOPEREZ
_b10
_c2011121
_h0041
_iBPMSU
999 _c12985
_d12985